Pokémon Platine - La Poche Médicaments - Statistiques

Statistiques générales
  • Ce quiz a été pris 47 fois
  • Le résultat moyen est 26 sur 38
Statistiques - réponses
Réponse % Correct
Hyper Potion
100%
Potion
100%
Super Potion
98%
Guérison
93%
Réveil
90%
Anti-Para
88%
Rappel
88%
Antidote
85%
Potion Max
85%
Rappel Max
85%
Huile
83%
Zinc
80%
Anti-Brûle
78%
Antigel
78%
Huile Max
78%
Élixir
75%
Max Élixir
75%
Fer
73%
PP Plus
70%
Herbe Rappel
68%
PV Plus
68%
Total Soin
68%
Carbone
65%
Protéine
65%
Eau Fraîche
63%
Lait Meumeu
63%
Limonade
58%
Super Bonbon
58%
Calcium
55%
PP Max
55%
Soda Cool
55%
Vieux Gâteau
55%
Racinénergie
53%
Lava Cookie
48%
Poudre Soin
43%
Jus de Baie
33%
Poudrénergie
33%
Cendresacrée
28%
Aucun quiz correspondant
Distribution des résultats
% des personnes avec chaque résultat
Percentile par nombre de réponses
Votre historique - résultats
Vous n’avez pas pris ce quiz